Statistics for They Shoot Pictures, Don't They? - films 81 to 100

Click here to take the quiz!

General Stats

  • This quiz has been taken 39 times
  • The average score is 7 of 20

Answer Stats

Answer% Correct
Jaws
94%
The Shining
88%
It's a Wonderful Life
85%
Blue Velvet
64%
The Gold Rush
48%
Nashville
33%
The Magnificent Ambersons
30%
The Man Who Shot Liberty Valance
30%
The Wild Bunch
27%
Jules and Jim
24%
To Be or not to Be
24%
The Conformist
21%
La Jetée
18%
Cléo from 5 to 7
15%
Gertrud
15%
Meshes of the Afternoon
15%
Pickpocket
15%
Sansho the Bailiff
12%
Sans soleil
12%
Viridiana
12%

Score Distribution

Percentile by Number Answered

Percent of People with Each Score

Your Score History

You have not taken this quiz